Estatísticas para Os 15 principais países afetados pela Covid-19 - 3 de novembro 2021

Clique aqui para jogar o quiz

Estatísticas Gerais

  • Esse quiz foi jogado 8 vezes
  • A pontuação média é 17 de 27

Estatísticas das Respostas

país% Correto
Brasil
100%
Colômbia
100%
Estados Unidos
100%
França
100%
Índia
100%
Argentina
88%
Espanha
88%
Itália
88%
México
88%
Reino Unido
88%
Rússia
88%
Alemanha
75%
Bélgica
75%
Irão
63%
Países Baixos
63%
Sérvia
63%
Chéquia
50%
Eslovénia
50%
Indonésia
50%
Turquia
50%
Croácia
38%
Estônia
25%
Israel
25%
Letónia
25%
Lituânia
25%
Geórgia
13%
Bahrein
0%

Distribuição das Pontuações

Percentil de Números Respondidos

Porcentagem de Pessoas com Cada Pontuação

Sua Pontuação Histórica

Você não jogou esse quiz